<?xml version="1.0" encoding="UTF-8"?>
<record
    xmlns:xsi="http://www.w3.org/2001/XMLSchema-instance"
    xsi:schemaLocation="http://www.loc.gov/MARC21/slim http://www.loc.gov/standards/marcxml/schema/MARC21slim.xsd"
    xmlns="http://www.loc.gov/MARC21/slim">

  <leader>01323nam a22002777a 4500</leader>
  <controlfield tag="005">20240530110338.0</controlfield>
  <controlfield tag="008">141022s2009    ua o   gr     000 0 ara d</controlfield>
  <datafield tag="017" ind1=" " ind2=" ">
    <subfield code="a">8021/201</subfield>
    <subfield code="b">&#x645;&#x635;&#x631; . &#x62F;&#x627;&#x631; &#x627;&#x644;&#x643;&#x62A;&#x628;</subfield>
  </datafield>
  <datafield tag="040" ind1=" " ind2=" ">
    <subfield code="a">EG-CaGPL</subfield>
  </datafield>
  <datafield tag="041" ind1=" " ind2=" ">
    <subfield code="a">&#x639;&#x631;&#x628;&#x649;</subfield>
    <subfield code="a">&#x627;&#x646;&#x62C;&#x644;&#x64A;&#x632;&#x649;</subfield>
  </datafield>
  <datafield tag="082" ind1="0" ind2="4">
    <subfield code="2">21</subfield>
    <subfield code="a">321.8\</subfield>
    <subfield code="b">&#x642;/&#x623; &#x62A;</subfield>
  </datafield>
  <datafield tag="100" ind1="0" ind2=" ">
    <subfield code="a">&#x645;&#x62C;&#x62F;&#x649; &#x639;&#x628;&#x62F;&#x627;&#x644;&#x62D;&#x645;&#x64A;&#x62F;</subfield>
  </datafield>
  <datafield tag="245" ind1="1" ind2="2">
    <subfield code="a">&#x627;&#x644;&#x62A;&#x642;&#x631;&#x64A;&#x631; &#x627;&#x644;&#x633;&#x646;&#x648;&#x649; &#x639;&#x646; &#x62D;&#x627;&#x644;&#x629; &#x627;&#x644;&#x62F;&#x64A;&#x645;&#x642;&#x631;&#x627;&#x637;&#x64A;&#x629; &#x641;&#x649; &#x645;&#x635;&#x631; &#x639;&#x627;&#x645; 2009 /</subfield>
    <subfield code="c">&#x627;&#x634;&#x631;&#x627;&#x641; &#x639;&#x627;&#x645; &#x645;&#x62C;&#x62F;&#x649; &#x639;&#x628;&#x62F;&#x627;&#x644;&#x62D;&#x645;&#x64A;&#x62F; &#x61B; &#x627;&#x639;&#x62F;&#x627;&#x62F; &#x627;&#x62D;&#x645;&#x62F; &#x641;&#x648;&#x632;&#x649; [ &#x648;&#x627;&#x62E; ]</subfield>
  </datafield>
  <datafield tag="246" ind1=" " ind2=" ">
    <subfield code="a">Democracy status in egypt report</subfield>
  </datafield>
  <datafield tag="260" ind1=" " ind2=" ">
    <subfield code="a">&#x627;&#x644;&#x642;&#x627;&#x647;&#x631;&#x629; :</subfield>
    <subfield code="b">&#x627;&#x644;&#x62C;&#x645;&#x639;&#x64A;&#x629; &#x627;&#x644;&#x645;&#x635;&#x631;&#x64A;&#x629; &#x644;&#x644;&#x646;&#x647;&#x648;&#x636; &#x628;&#x627;&#x644;&#x645;&#x634;&#x627;&#x631;&#x643;&#x629; &#x627;&#x644;&#x645;&#x62C;&#x62A;&#x645;&#x639;&#x64A;&#x629; &#x60C;</subfield>
    <subfield code="c">2009</subfield>
  </datafield>
  <datafield tag="300" ind1=" " ind2=" ">
    <subfield code="a">363 + 103 &#x635; :</subfield>
    <subfield code="b">&#x635;&#x648;&#x631; &#x61B;</subfield>
    <subfield code="c">24 &#x633;&#x645;</subfield>
  </datafield>
  <datafield tag="546" ind1=" " ind2=" ">
    <subfield code="a">&#x64A;&#x62D;&#x62A;&#x648;&#x649; &#x639;&#x644;&#x649; &#x646;&#x635; &#x628;&#x627;&#x644;&#x644;&#x63A;&#x629; &#x627;&#x644;&#x639;&#x631;&#x628;&#x64A;&#x629; &#x648;&#x627;&#x644;&#x644;&#x63A;&#x629; &#x627;&#x644;&#x627;&#x646;&#x62C;&#x644;&#x64A;&#x632;&#x64A;&#x629;</subfield>
  </datafield>
  <datafield tag="650" ind1="0" ind2="4">
    <subfield code="a">&#x627;&#x644;&#x639;&#x644;&#x648;&#x645; &#x627;&#x644;&#x633;&#x64A;&#x627;&#x633;&#x64A;&#x629;</subfield>
  </datafield>
  <datafield tag="650" ind1="0" ind2="4">
    <subfield code="a">&#x627;&#x644;&#x62F;&#x64A;&#x645;&#x642;&#x631;&#x627;&#x637;&#x64A;&#x629;</subfield>
    <subfield code="z">&#x645;&#x635;&#x631;</subfield>
    <subfield code="v">&#x62A;&#x642;&#x627;&#x631;&#x64A;&#x631; (2009 )</subfield>
  </datafield>
  <datafield tag="651" ind1="0" ind2="4">
    <subfield code="a">&#x645;&#x635;&#x631;</subfield>
    <subfield code="x">&#x627;&#x644;&#x627;&#x62D;&#x648;&#x627;&#x644; &#x627;&#x644;&#x633;&#x64A;&#x627;&#x633;&#x64A;&#x629;</subfield>
  </datafield>
  <datafield tag="700" ind1="0" ind2=" ">
    <subfield code="a">&#x639;&#x627;&#x62F;&#x644; &#x641;&#x631;&#x62C;</subfield>
    <subfield code="e">&#x645;&#x639;&#x62F;</subfield>
  </datafield>
  <datafield tag="700" ind1="0" ind2=" ">
    <subfield code="a">&#x648;&#x644;&#x64A;&#x62F; &#x633;&#x64A;&#x62F; &#x639;&#x628;&#x62F;&#x627;&#x644;&#x62D;&#x644;&#x64A;&#x645;</subfield>
    <subfield code="e">&#x645;&#x639;&#x62F;</subfield>
  </datafield>
  <datafield tag="700" ind1="0" ind2=" ">
    <subfield code="a">&#x645;&#x62D;&#x645;&#x62F; &#x639;&#x64A;&#x633;&#x649; &#x627;&#x644;&#x635;&#x631;&#x648;&#x649;</subfield>
    <subfield code="e">&#x645;&#x639;&#x62F;</subfield>
  </datafield>
  <datafield tag="942" ind1=" " ind2=" ">
    <subfield code="2">ddc</subfield>
    <subfield code="c">BK</subfield>
  </datafield>
  <datafield tag="999" ind1=" " ind2=" ">
    <subfield code="c">59825</subfield>
    <subfield code="d">59825</subfield>
  </datafield>
  <datafield tag="952" ind1=" " ind2=" ">
    <subfield code="0">0</subfield>
    <subfield code="1">0</subfield>
    <subfield code="4">0</subfield>
    <subfield code="7">0</subfield>
    <subfield code="a">CAI</subfield>
    <subfield code="b">CAI</subfield>
    <subfield code="d">2014-10-22</subfield>
    <subfield code="l">0</subfield>
    <subfield code="o">321.8\ &#x642;/&#x623; &#x62A;</subfield>
    <subfield code="p">158779</subfield>
    <subfield code="r">2014-10-22 00:00:00</subfield>
    <subfield code="w">2014-10-22</subfield>
    <subfield code="y">BK</subfield>
  </datafield>
</record>
